000 00954nam0a2200301 4500
001 RU\NLR\BIBL_A\022524602
005 20250810081429.0
035 _a(NLR Aleph) 022524602
090 _a13400377
_c13400377
100 _a20250417d1944 m y0rusy50 ca
101 0 _atuk
102 _aTM
105 _aa z 000 y
181 0 _ai
_baxxe
182 0 _an
200 1 _aХарплык
_fТекәев Я. Ве Ярославцева А.Н.
203 _aТекст
_bвизуальный
_cнепосредственный
210 _aАшгабат
_cБирлешен Түркмендөвлетнешир
_d1944
215 _a72 с.
_cил.
_d23
541 1 _aБукварь
_eДля детей
_zrus
700 1 _aТекеев
_bЯ.
_4070
701 1 _aЯрославцева
_bА.Н.
_4070
942 _cBOOK
945 _aРоссийская национальная библиотека
980 _aNB
980 _aBV
980 _aBV